• 首页
  • 本馆介绍
  • 公告通知
  • 最新文献
  • 馆藏检索
  • 电子资源
  • 读者导购
  • 参考咨询
  • 我的图书馆
  • 登录
  • 详细信息显示
  • 放入我的书架
  • 预约/预借图书
  • 作者相关作品
  • 分类相关作品
  • 丛书相关作品
  • 出版社相关作品

书目信息

  • 表格格式
  • 工作单格式
  • 卡片格式
题名:
中华藏典——中华处世经典
    
 
作者: 齐豫生 夏于全 主编
分册: 第二卷  
出版信息: 长春   吉林摄影出版社  2003.03
页数: 182页
开本: 26cm
丛书名:
单 册:
中图分类: H136.3 , K21
科图分类:
主题词: 中国--古代史--原始社会
电子资源:
ISBN: 7-80606-565-2
000 00638nam0 2200193 450
001 2658414956
005 20260408161449.45
010    @a7-80606-565-2@dCNY65.00
100    @a20070817d2003 km y0chiy0120 ea
101 0  @achi
200 1  @a中华藏典——中华处世经典@AZhong Hua Cang Dian——Zhong Hua Chu Shi Jing Dian@h第二卷@f齐豫生 夏于全主编@FQi Yu Sheng Xia Yu Quan Zhu Bian
210    @a长春@c吉林摄影出版社@d2003.03
215    @a182页@d26cm
606 0  @a中国@x古代史@x原始社会
690    @aH136.3@v3
690    @aK21@v4
701  0 @a齐豫生 夏于全@AQi Yu Sheng Xia Yu Quan@4主编
801  0 @aCN@bPFT@c20070817
905    @a213230@dK21@e377:2
    
    中华藏典——中华处世经典.第二卷/齐豫生 夏于全主编.-长春:吉林摄影出版社,2003.03
    182页;26cm
    
    
    ISBN 7-80606-565-2:CNY65.00
    
●
相关链接 在E读中查询图书 在五车中查询图书 在当当中查询图书 在豆瓣中查询图书


正题名:中华藏典——中华处世经典     索取号:K21/377:2         预约/预借

序号 登录号 条形码 馆藏地/架位号 状态 备注
1 1442270   214422702   第二样本阅览室/ [索取号:K21/377:2] 在馆    
唐山师范学院图书馆 欢迎您!
大连网信软件有限公司© 版权所有